| 000 | 00000nam 2200000za 4500 |
| 001 | 9.840983 |
| 003 | CaOODSP |
| 005 | 20221107151958 |
| 007 | cr ||||||||||| |
| 008 | 170803t19851984onc #ob f000 0 fre d |
| 040 | |aCaOODSP|bfre |
| 043 | |an-cn--- |
| 086 | 1 |aR5-348/1985F-PDF |
| 100 | 1 |aKlein, Sheila. |
| 245 | 12|aL'élaboration des variables spéciales relatives aux Indiens inscrits à partir des données du recensement de 1981 |h[ressource électronique] / |cpréparé par Sheila Klein, Wendy Wright. |
| 260 | |a[Ottawa?] : |bAffaires indiennes et du Nord Canada, |c1985, c1984. |
| 300 | |a67 p. |
| 500 | |a« Janvier 1985. » |
| 500 | |aPubl. aussi en anglais sous le titre : The development of customized status Indian variables using 1981 census data. |
| 500 | |aÉdition numérisée de l’imprimé [par Affaires autochtones et du Nord Canada]. |
| 504 | |aComprend des réf. bibliogr. |
| 520 | |a« Ce document méthodologique analyse la création, par le ministère des Affaires indiennes et du Nord Canada (AINC), de trois variables spéciales qui permettront de produire, à partir du recensement de la population et du logement de 1981, un ensemble flexible de données sur les Indiens inscrits. Ces trois variables, dont deux ont trait à la population et une au lieu de résidence, ont été introduites par Statistique Canada dans la base de données d'extraction 2B du recensement de 1981. » -- Résumé. |
| 692 | 07|2gccst|aIndien inscrit |
| 692 | 07|2gccst|aAnalyse statistique |
| 692 | 07|2gccst|aRecensement |
| 700 | 1 |aWright, Wendy. |
| 710 | 1 |aCanada. |bAffaires indiennes et du Nord Canada. |
| 775 | 08|tThe development of customized status Indian variables using 1981 census data |w(CaOODSP)9.840981 |
| 856 | 40|qPDF|s1.97 Mo|uhttps://publications.gc.ca/collections/collection_2017/aanc-inac/R5-348-1985-fra.pdf |
| 986 | |aQS-3401-000-FF-A1 |